| 000 | 01020nam a22003014i 4500 | ||
|---|---|---|---|
| 999 |
_c7309 _d7309 |
||
| 001 | .b74766247 | ||
| 003 | OSt | ||
| 005 | 20210218182750.0 | ||
| 008 | 201216s2020 sp |||||||||||||| ||spa|c | ||
| 017 |
_aDL M-21133-2020 _bOficina DL Madrid |
||
| 020 | _a9788417678449 | ||
| 040 |
_aES-BaUAB _bcat _erda _cES-BaUAB |
||
| 100 | 1 |
_aFernández, June, _eautor |
|
| 245 | 1 | 0 |
_aAbrir el melón : _buna década de periodismo feminista / _cJune Fernández ; prólogo de María Angulo Egea |
| 264 | 1 |
_aMadrid : _bLibros K.O., _c2020 |
|
| 300 |
_a327 pàgines ; _c22 cm |
||
| 336 |
_atext _btxt _2rdacontent |
||
| 337 |
_asense mediació _bn _2rdamedia |
||
| 338 |
_avolum _bnc _2rdacarrier |
||
| 500 | _aRecopilació d'articles publicats a "Pikara Magazin" | ||
| 650 | 4 | _aFeminisme | |
| 650 | 4 | _aPremsa femenina | |
| 650 | 4 | _aDones en la premsa | |
| 700 | 1 |
_aAngulo Egea, María, _eescriptor d'un pròleg |
|
| 907 |
_a.b74766247 _b18-12-20 _c16-12-20 _d16-12-20 _em _fa _g- _hspa _isp _j0 _k0 |
||
| 940 | _aUAB | ||
| 942 |
_2udc _cMON |
||